Štátne informačné systémy o vede v krajinách EÚ

Salvato in:
Dettagli Bibliografici
Autore principale: Zendulková, Danica
Natura: Libro
Lingua:slovacco
Pubblicazione: Bratislava Centrum vedecko-technických informácií SR 2011
Soggetti:
Tags: Aggiungi Tag
Nessun Tag, puoi essere il primo ad aggiungerne!!

MARC

LEADER 00000nam a2200000 4500
001 0199731
005 20240318125941.9
020 |a 978-80-89354-04-7 
041 0 |a slo 
044 |a SK 
245 1 0 |a Štátne informačné systémy o vede v krajinách EÚ  |c Danica Zendulková 
264 1 |a Bratislava  |b Centrum vedecko-technických informácií SR  |c 2011 
300 |a 66 s. 
610 2 0 |a systémy informačné 
610 2 0 |a veda 
610 2 0 |a výskum 
610 2 0 |a štát 
610 2 0 |a porovnanie medzinárodné 
610 2 0 |a Slovensko 
610 2 0 |a Európska únia 
610 2 0 |a CRIS 
100 1 |a Zendulková, Danica